| 000 | 00371 a2200121 4500 | ||
|---|---|---|---|
| 001 | 41612 | ||
| 082 | _a624.11821CHU | ||
| 090 |
_c25752 _d25752 |
||
| 100 | _aChung Deborah D. L. | ||
| 245 |
_aComposite Materials: science and applications ; Functional materials for modern technologies _cDeborah |
||
| 260 |
_aLondon _bSpringer _c2002 |
||
| 650 | _aFunctional materials | ||
| 942 |
_aNUST-CAE _k624.11821CHU |
||
| 999 |
_c276685 _d276685 |
||